000 00555pam a2200217 a 4500
001 3732344
005 20180306031850.0
008 810320s1981 ctua b 001 0 eng
010 _a 81002690
020 _a0870553739
040 _aDLC
_cDLC
_dDLC
041 _aeng
080 _a363.728 JOS
082 0 0 _a363.728 JOS
_219
100 1 _a27
101 _aIM
245 1 0 _aManaging livestock wastes /
_cJames A. Merkel.
504 _aIncludes bibliographies and index.
906 _a7
_bcbc
_corignew
_d1
_eocip
_f19
_gy-gencatlg
942 _2ddc
_cBK
999 _c44110
_d44110